000 00498nam a2200181Ia 4500
003 OSt
005 20240322150605.0
008 210210b1957 xxu||||| |||| 00| 0 eng d
040 _cAL
041 _akan
082 _a854/229
100 _aRANGANATHA MUGALI SHRI ರಂಗನಾಥ ಮುಗಳಿ ಶ್ರೀ
_9146690
245 _aTavanidhi:
_bತವನಿಧಿ
260 _aMaisuru
_bUsha Sahitya Male
_c1957
690 _aKannada Criticism
_9146691
906 _a020079
942 _2ddc
_cBK
999 _c144231
_d144231